| 000 | 01330nam a22002657i 4500 | ||
|---|---|---|---|
| 003 | DO-SdBNP | ||
| 005 | 20241129161527.0 | ||
| 007 | ta | ||
| 008 | 240402b2021 dr a|||| |||| 00| 0 spa d | ||
| 020 | _a9789945613834 | ||
| 040 |
_aDO-SdBNP _bspa _cBNPHU _erda |
||
| 245 | 1 | 0 |
_aGuía para la organización de archivos / _ccuidado de edición, Ángel Hernández. |
| 250 | _aPrimera edición | ||
| 264 | 1 |
_aSanto Domingo : _bArchivo General de la Nación, _c2021. |
|
| 300 |
_a79 páginas : _bilustraciones, cuadros ; _c23 cm. |
||
| 336 |
_2rdacontent _atexto _btxt |
||
| 337 |
_2rdamedia _asin mediación _bn |
||
| 338 |
_2rdacarrier _avolumen _bnc |
||
| 490 | 0 |
_aArchivo General de la Nación ; _v414 |
|
| 505 | 0 | _aIntroducción, 9.-- Sistema Institucional de Archivos, 11.-- Ciclo de vida de los documentos, 19.-- Archivo de gestión, 23.-- Archivo central, 30.-- Archivo histórico, 38.-- Transferencia documental, 41.-- Tratamiento archivístico, 47.-- Identificación documental, 47.-- Organización documental, 52.-- Valoración documental, 62.-- Fondos acumulados, 67.-- Procedimiento para la eliminación de documentos, 73. | |
| 590 | _aInventariado, 2024 /LP | ||
| 700 | 1 |
_aHernández, Ángel, _ecuidado de edición _911092 |
|
| 710 | 2 |
_aArchivo General de la Nación (República Dominicana) _985400 |
|
| 942 |
_2ddc _cLBS1 |
||
| 999 |
_c56213 _d56213 |
||